Largest Inland Cities in the United States - Statistics

General Stats
  • This quiz has been taken 434 times
    336 since last reset
  • The average score is 13 of 20
Answer Stats
Population City % Correct
2,693,976 Chicago
90%
1,343,573 Dallas
90%
1,680,992 Phoenix
82%
727,211 Denver
81%
1,547,253 San Antonio
76%
978,908 Austin
75%
876,384 Indianapolis
73%
651,319 Las Vegas
72%
898,553 Columbus
69%
670,031 Detroit
67%
670,820 Nashville
67%
655,057 Oklahoma City
63%
651,073 Memphis
61%
909,585 Fort Worth
56%
885,708 Charlotte
54%
617,638 Louisville
53%
560,513 Albuquerque
51%
681,728 El Paso
51%
590,157 Milwaukee
51%
548,073 Tucson
42%
No matching quizzes found
Score Distribution
Percent of People with Each Score
Percentile by Number Answered
Your Score History
You have not taken this quiz since the last reset